Nehody dopravních letadel v Československu Díl 1. 1918 - 1939

Bibliographic Details
Main Author: Keller, Ladislav (Author)
Format: Book
Language:Czech
PhysicalDescription:279 s. ilustr., mapy, fotogr. 24 cm
Published: Cheb Svět křídel 2009
ISBN:9788086808635
Edition:Vyd. 1.
Series:Svět křídel
Subjects:

MARC

LEADER 00000cam a2200000 a 4500
001 vtls009624912
003 SK-MaSNL
005 20260311121843.0
008 240315s2009 xr bolaf 000 0 cze
015 |a SNBZSA2012-00646 
020 |a 9788086808635  |q (viaz.) 
035 |a 311BD6F9-D6CE-47D1-8172-EC89EFFBD323 
035 |a urn:nbn:sk:snk-amlc74 
035 |a urn:nbn:sk:snk-am0090yg 
040 |a SNK  |b slo  |c SNK  |e AACR2 
041 0 |a cze 
043 |a e-cs--- 
044 |a xr  |c CZ 
072 7 |a 629  |x Dopravné prostriedky  |2 konspekt 
072 7 |a 656.6/.7  |x Vodná a letecká doprava  |2 konspekt 
080 |a 629.734/.735:656  |2 2001 
080 |a 656.082  |2 2001 
080 |a (437)  |2 2001 
080 |a (048.8)  |2 2001 
100 1 |a Keller, Ladislav  |4 aut  |9 320084 
245 1 0 |a Nehody dopravních letadel v Československu  |n Díl 1.  |p 1918 - 1939  |c Ladislav Keller 
246 3 0 |a 1918 - 1939 
250 |a Vyd. 1. 
260 |a Cheb  |b Svět křídel  |c 2009 
300 |a 279 s.  |b ilustr., mapy, fotogr.  |c 24 cm 
490 1 |a Svět křídel  |v 109 
500 |a 1000 výt. 
504 |a Bibliogr. s. 272-275 
648 7 |a 1918-1939  |2 SNKPH  |9 283412 
650 0 7 |a dopravné lietadlá  |2 SNKPH  |9 72700 
650 0 7 |a letecké nehody  |2 SNKPH  |9 69420 
650 0 7 |a letecká doprava  |z Česko-Slovensko  |2 SNKPH  |9 320085 
650 0 7 |a civilné letectvo  |z Česko-Slovensko  |2 SNKPH  |9 320086 
651 7 |a Československo  |2 SNKPH  |9 21376 
655 7 |a prehľady  |2 SNKPH  |9 70194 
655 7 |a monografie  |2 SNKPH  |9 70139 
830 0 |a Svět křídel  |9 320087 
919 |a 978-80-86808-63-5 
958 |a ZS 
958 |a CZ 
958 |a OND 
999 |c 572213  |d 574143 
952 |a SNK  |b SNK  |y PREZ  |7 0  |p 17A0718934  |o snkSC 146063/1  |i snk2011/21247  |8 4  |g 13.59  |0 0  |1 0  |4 0  |d 2011-09-28  |f 1  |l 0  |r 2025-07-15 00:00:00  |w 2026-02-23